00575nam a22001692 4500001001100000005001700011008004100028020002200069040001500091245008400106260004800190300001700238650003100255650003700286650004900323700003300372000000721220151021151112.0071130s xx 000 0 eng d a9966977252 :cKES aKABUcKABU10aAfrican regional security in the age of globalisation /ced. by Makumi Mwagiru. aNairobi :bHeinrich Boll Foundation,c2004. axvi, 160 p. 0aGlobalization.@0000150264 0aAfrican cooperation.@0000158346 0aNational securityzAfrica, East.@00001583471 aMwagiru, Makumi.@0000158348